000 00422nam a2200145Ia 4500
008 230917s9999||||xx |||||||||||||| ||und||
040 _e77333
_aMAIN
041 _aEnglish
082 _a342.54 S38C
100 _aSrivastava, M P
245 0 _aConstitutional and national development in India: Montagu chelmsford report
260 _aNew Delhi
_bEss Ess Publications
_c1981
300 _axix, p. + viii,243
942 _cBK
999 _c222279
_d222279